| 000 | 00617nam a22002057a 4500 | ||
|---|---|---|---|
| 005 | 20210325175755.0 | ||
| 008 | s2515 th tha d | ||
| 041 | _atha | ||
| 050 | _aPL4208.2 ต944ล4 2513 | ||
| 100 | 0 | _aลิไทย, พญา | |
| 245 | 1 | 0 | _aไตรภูมิพระร่วง [8th] |
| 260 | 3 |
_aกรุงเทพฯ : _bศิลปาบรรณาคาร, _c2515 |
|
| 300 |
_a308 หน้า ; _b 19 ซม. |
||
| 650 | 0 | 4 | _aนรก |
| 650 | 0 | 4 | _aไตรภูมิ |
| 850 | _aNALT | ||
| 942 | _cGB | ||
| 997 | _c000000000007654 | ||
| 998 | _aSOPAPORN | ||
| 999 |
_c7654 _d7654 |
||